LEADER 01180nam--2200361---450- 001 990003564490203316 005 20111003114212.0 010 $a978-90-04-20246-7 035 $a000356449 035 $aUSA01000356449 035 $a(ALEPH)000356449USA01 035 $a000356449 100 $a20110914d2011----km-y0itay50------ba 101 0 $afre 102 $aNL 105 $a||||||||001yy 200 1 $aGloses et commentaire du livre XI du Contra Proclum de Jean Philopon$eautour de la matière première du monde$fpar Pascal Mueller-Jourdan 210 $aLeiden$aBoston$cBrill$d2011 215 $aVIII, 236 p.$d25 cm 225 2 $aPhilosophia antiqua$v125 410 0$12001$aPhilosophia antiqua$v125 600 1$aPhiloponus,$bJohn$2BNCF 676 $a186.4 700 1$aMUELLER-JOURDAN,$bPascal$0610527 801 0$aIT$bsalbc$gISBD 912 $a990003564490203316 951 $aII.1.A. 1476$b5970 L.G.$cII.1.A.$d00299010 959 $aBK 969 $aUMA 979 $aPASSARO$b90$c20110914$lUSA01$h1046 979 $aPASSARO$b90$c20111003$lUSA01$h1142 996 $aGloses et commentaire du livre XI du Contra Proclum de Jean Philopon$91115506 997 $aUNISA LEADER 01727aam 2200445I 450 001 9910711168103321 005 20160525040643.0 024 8 $aGOVPUB-C13-ff129330cf3243a35f985e122f74eb3d 035 $a(CKB)5470000002480328 035 $a(OCoLC)950543975 035 $a(EXLCZ)995470000002480328 100 $a20160525d2016 ua 0 101 0 $aeng 181 $2rdacontent 182 $2rdamedia 183 $2rdacarrier 200 10$aMethod for measuring the volume of nominally 100 ?m diameter spherical water-in-oil emulsion droplets /$fJohn A. Dagata, Natalia Farkas, John A. Kramar 210 1$aGaithersburg, MD :$cU.S. Dept. of Commerce, National Institute of Standards and Technology,$d2016. 215 $a1 online resource (30 pages) $cillustrations (chiefly color) 225 1 $aNIST special publication ;$v260-184 300 $aContributed record: Metadata reviewed, not verified. Some fields updated by batch processes. 300 $aFebruary 2016. 300 $aTitle from PDF title page (viewed February 29, 2016). 320 $aIncludes bibliographical references. 606 $aMicroscopy 606 $aVolume (Cubic content) 615 0$aMicroscopy. 615 0$aVolume (Cubic content) 700 $aDagata$b John A$01389048 701 $aDagata$b John A$01389048 701 $aFarkas$b Natalia$01389050 701 $aKramar$b John A$g(John Adam)$01389055 712 02$aNational Institute of Standards and Technology (U.S.) 801 0$bNBS 801 1$bNBS 801 2$bGPO 906 $aBOOK 912 $a9910711168103321 996 $aMethod for measuring the volume of nominally 100 ?m diameter spherical water-in-oil emulsion droplets$93440168 997 $aUNINA